Malone quitte Chicago /
Đã lưu trong:
| Tác giả chính: | |
|---|---|
| Định dạng: | Sách |
| Ngôn ngữ: | Vietnamese |
| Được phát hành: |
New York :
Ditis ,
1968
|
| Những chủ đề: | |
| Các nhãn: |
Thêm thẻ
Không có thẻ, Là người đầu tiên thẻ bản ghi này!
|
| Thư viện lưu trữ: | Thư viện Trường CĐ Kỹ Thuật Cao Thắng |
|---|
| LEADER | 00527nam a2200181 a 4500 | ||
|---|---|---|---|
| 001 | TVCDKTCT2159 | ||
| 003 | Thư viện trường Cao đẳng Kỹ thuật Cao Thắng | ||
| 005 | 20050815000000 | ||
| 008 | 050815 | ||
| 980 | \ | \ | |a Thư viện Trường CĐ Kỹ Thuật Cao Thắng |
| 024 | |a RG_1 #1 eb0 i1 | ||
| 041 | 0 | # | |a vie |
| 082 | # | # | |a 840 / |b R300-m |
| 100 | 1 | # | |a Rice Craig |
| 245 | 0 | 0 | |a Malone quitte Chicago / |c Rice Craig |
| 260 | # | # | |a New York : |b Ditis , |c 1968 |
| 300 | # | # | |a 251tr. ; |c 20cm |
| 650 | # | 4 | |a Văn học Pháp |